header

A stripe of Tammany's tiger (Record no. 38798)

MARC details
000 -LEADER
fixed length control field 01248nam a2200325Ia 4500
082 04 - DEWEY DECIMAL CLASSIFICATION NUMBER
Classification number 320.974710904
100 1# - MAIN ENTRY--AUTHOR NAME
Personal name Eisenstein, Louis,
245 12 - TITLE STATEMENT
Title A stripe of Tammany's tiger
260 ## - PUBLICATION, DISTRIBUTION, ETC. (IMPRINT)
Place of publication New York :
Name of publisher Fall Creek Books,
Year of publication 2013.
300 ## - PHYSICAL DESCRIPTION
Number of Pages xii, 300 p.
650 #0 - SUBJECT ADDED ENTRY--TOPICAL TERM
Topical Term Politics, Practical.
700 1# - ADDED ENTRY--PERSONAL NAME
Personal name Rosenberg, Elliot.
856 40 - ELECTRONIC LOCATION AND ACCESS
Uniform Resource Identifier http://site.ebrary.com/lib/rucke/Doc?id=10720661

No items available.

© 2026 Rongo University
Contact us: librarian | system librarian | Rongo university